00317nam a2200121Ia 450000500170000000800410001708200130005810000140007124500140008526000420009930000140014150000400015520250314015114.0240331s9999 xx 000 0 und d bDANa894 aDaniel, K 0aAdimaikal aChennaibAlaikal Veliyitagamc1995  a272 p .,  aA novel About 1890 - 1956 Women's